00276nam a2200109Ia 4500008004100000041001200041082001100053100001600064245007300080260000600153650000700159221030s9999 xx 000 0 und d aEnglish a105.23 aN. Rohmetra 0aCultural Paradigm in Managing People & Organisationscby N. Rohmetra c0 aMb